Guess the Taylor Swift Song (no hints) 96 - Statistics

General Stats
  • This quiz has been taken 82 times
  • The average score is 373 of 441
Answer Stats
Answer % Correct
a
100%
I
100%
me
100%
You
100%
you
100%
so
94%
So
94%
the
94%
to
94%
we
94%
(we
94%
an
92%
and
92%
And
92%
be
92%
But
92%
but
92%
do,
92%
do
92%
do),
92%
go
92%
(go)
92%
it?
92%
my
92%
(my
92%
I'll
91%
is
91%
know
91%
know)
91%
like
91%
Like
91%
that
91%
are
89%
Are
89%
he
89%
He
89%
I'm
89%
In
89%
in
89%
No
89%
(No
89%
one
89%
then
89%
was
89%
at
87%
baby
87%
Baby,
87%
(baby,
87%
for
87%
how
87%
of
87%
see
87%
this
87%
time
87%
too
87%
first
85%
gon'
85%
gonna
85%
if
85%
never
85%
Never
85%
night,
85%
night
85%
Oh,
85%
saw
85%
with
85%
all,
83%
can
83%
dreams
83%
dreams)
83%
has
83%
him
83%
Knew
83%
man,
83%
ready
83%
should
83%
Some,
83%
some
83%
take
83%
things
83%
you'll
83%
don't
81%
let
81%
Let
81%
begin
79%
games
79%
had
79%
he's
79%
killer
79%
middle
79%
down
77%
island,
77%
left
77%
move
77%
nothing
77%
off
77%
Touch
77%
try
77%
we'll
77%
alone
75%
hard
75%
low
75%
(low)
75%
now,
75%
now
75%
(now)
75%
sorry
75%
tryin'
75%
act
74%
boys
74%
Every
74%
ghost,
74%
girls
74%
haunted
74%
hearts
74%
phantom
74%
saying
74%
Taylor
74%
than
74%
Wonder
74%
better,
72%
Holdin'
72%
lights
72%
many
72%
same
72%
such
72%
breeze
70%
forever
70%
Stealing
70%
though
70%
keep
68%
robber
68%
exes
66%
failure
66%
I-I-I
66%
loved
66%
ransom
66%
very
66%
running
64%
their
64%
comparison
62%
heist
62%
known
62%
tame
62%
thief,
62%
Younger
62%
forget
60%
join
60%
(mmm)
60%
mmm,
60%
names
60%
Burton
58%
jailer,
58%
I-Island
57%
lover
51%
vendetta-ta
45%
(eh)
17%
eh)
17%
No matching quizzes found
Score Distribution
Percent of People with Each Score
Percentile by Number Answered
Your Score History
You have not taken this quiz